000 00421nam a2200181Ia 4500
005 20250423095249.0
008 250422s9999 xx 000 0 und d
020 _a9780443034466
050 _aRJ 45 .J64/
100 _aJohnston, Derek I.
245 0 _aEssential paediatric MCQs
250 _a2nd ed.
260 _aNew York
260 _bChurchill Livingstone
260 _c1989
300 _a152 p
942 _cBK
999 _c29744
_d29744